उपभोक्ता अदालतें : (Record no. 112392)

MARC details
000 -LEADER
fixed length control field 01043nam a22002537a 4500
005 - DATE AND TIME OF LATEST TRANSACTION
control field 20170124102938.0
010 ## - LIBRARY OF CONGRESS CONTROL NUMBER
LC control number B-144051
020 ## - INTERNATIONAL STANDARD BOOK NUMBER
Terms of availability 195.00
International Standard Book Number 817119818
035 ## - SYSTEM CONTROL NUMBER
System control number B-144051
037 ## - SOURCE OF ACQUISITION
Source of stock number/acquisition Cen Lib/Ret
040 ## - CATALOGING SOURCE
Original cataloging agency DPL
Language of cataloging HN
082 ## - DEWEY DECIMAL CLASSIFICATION NUMBER
Classification number 343.54071
Item number प्रेमल
100 ## - MAIN ENTRY--PERSONAL NAME
Personal name प्रेमलता
9 (RLIN) 4570
245 ## - TITLE STATEMENT
Title उपभोक्ता अदालतें :
Statement of responsibility, etc प्रेमलता
Remainder of title स्वरूप एवं संभावनाएँ /
246 ## - VARYING FORM OF TITLE
Title proper/short title Upbhokta adalatein : swaroop evam sambhavnaen /
Remainder of title by Premlata
260 ## - PUBLICATION, DISTRIBUTION, ETC. (IMPRINT)
Place of publication, distribution, etc दिल्ली
Name of publisher, distributor, etc राधाकृष्ण प्रकाशन
Date of publication, distribution, etc 2004
270 ## - ADDRESS
Address ज़ी-17, जगतपुरी
City दिल्ली
Postal code 110051
300 ## - PHYSICAL DESCRIPTION
Extent x, 151पृ.
Dimensions 21सेमी (असजिल्द)
650 ## - SUBJECT ADDED ENTRY--TOPICAL TERM
Topical term or geographic name as entry element लोक प्रशासन
9 (RLIN) 4735
650 ## - SUBJECT ADDED ENTRY--TOPICAL TERM
Topical term or geographic name as entry element अदालतें
9 (RLIN) 47225
650 ## - SUBJECT ADDED ENTRY--TOPICAL TERM
Topical term or geographic name as entry element Public administration
9 (RLIN) 4733
650 ## - SUBJECT ADDED ENTRY--TOPICAL TERM
Topical term or geographic name as entry element Courts
9 (RLIN) 40543
942 ## - ADDED ENTRY ELEMENTS (KOHA)
Source of classification or shelving scheme Dewey Decimal Classification
Koha item type Hindi Books
Classification part 343.54071
Call number suffix प्रेमल
Holdings
Withdrawn status Lost status Damaged status Not for loan Home library Current library Date acquired Source of acquisition Cost, normal purchase price Total Checkouts Total Renewals Full call number Barcode Date last seen Date checked out Copy number Cost, replacement price Price effective from Koha item type
        Central Library Central Library 08/08/2015 Cen Lib/Ret 195.00 5 2 343.54071 प्रेमल B-144051 12/01/2023 12/01/2023 1 195.00 08/08/2015 Hindi Books

© Delhi Public Library
Hit Counter
free hit counter